[Event "4ème Open des Basses Vallées Angevines"]
[Site "Cantenay-Epinard"]
[Date "2015.12.19"]
[Round "4.14"]
[White "Garcion, Emmanuel"]
[Black "Darniere, Simon"]
[Result "1-0"]
[WhiteElo "1550"]
[BlackElo "1199"]
[PlyCount "113"]
[EventDate "2015.12.??"]
[EventRounds "5"]
[WhiteTeam "L'Echiquier Angevin"]
[BlackTeam "L'Echiquier Angevin"]

1. e4 e5 2. Nf3 Nc6 3. d4 exd4 4. Nxd4 Nxd4 5. Qxd4 c6 6. Bf4 d5 7. Nd2 dxe4 8.
Qxd8+ Kxd8 9. O-O-O Nf6 10. Nxe4+ Bd7 11. Ng5 Ke8 12. Bc4 Be6 13. Bxe6 fxe6 14.
Nxe6 Kf7 15. Rhe1 Bb4 16. c3 Ba5 17. Ng5+ Kg6 18. f3 h6 19. Ne4 Nxe4 20. Rxe4
Kh7 21. Re7 b5 22. Rdd7 Rhg8 23. Be5 Kg6 24. Rd6+ Kh7 25. Rdd7 Kg6 26. Rxg7+
Rxg7 27. Rxg7+ Kf5 28. Bc7 Bxc7 29. Rxc7 Rg8 30. g3 Re8 31. Rxc6 Re6 32. Rc5+
Re5 33. Rxe5+ Kxe5 34. Kd2 Kd5 35. Kd3 a6 36. b3 a5 37. a4 bxa4 38. bxa4 h5 39.
h3 Kc5 40. g4 hxg4 41. fxg4 Kd5 42. h4 Ke6 43. Kd4 Kd6 44. g5 Ke7 45. Ke5 Kf7
46. h5 Kg7 47. Ke6 Kh7 48. c4 Kg7 49. Ke7 Kg8 50. c5 Kg7 51. c6 Kg8 52. c7 Kg7
53. c8=Q Kh7 54. Qf5+ Kh8 55. Kf6 Kg8 56. g6 Kh8 57. Qc8# 1-0

[Event "4ème Open des Basses Vallées Angevines"]
[Site "Cantenay-Epinard"]
[Date "2015.12.19"]
[Round "4.15"]
[White "Aumont, Tom"]
[Black "Aumont, Eric"]
[Result "1/2-1/2"]
[WhiteElo "1713"]
[BlackElo "1699"]
[PlyCount "61"]
[EventDate "2015.12.??"]
[EventRounds "5"]
[WhiteTeam "La Cavale du Fou"]
[BlackTeam "La Cavale du Fou"]

1. e4 e5 2. Nf3 Nc6 3. Bc4 Be7 4. O-O Nf6 5. Re1 O-O 6. c3 d6 7. h3 Na5 8. Bb3
Nxb3 9. Qxb3 b6 10. d4 Bb7 11. Qc2 Re8 12. dxe5 dxe5 13. Bg5 Qd6 14. Nbd2 Qe6
15. b3 Nh5 16. Bxe7 Rxe7 17. Nc4 f6 18. Rad1 Nf4 19. Nh2 Ree8 20. Nf1 Rad8 21.
f3 Qf7 22. Nfe3 Bc8 23. Nb2 Be6 24. Nd3 g5 25. c4 c6 26. Rd2 Rd7 27. Red1 Red8
28. Nb4 Rxd2 29. Rxd2 Rxd2 30. Qxd2 Qd7 31. Qxd7 1/2-1/2

[Event "4ème Open des Basses Vallées Angevines"]
[Site "Cantenay-Epinard"]
[Date "2015.12.19"]
[Round "4.16"]
[White "Bremaud, Vincent"]
[Black "Chapelain, Florent"]
[Result "0-1"]
[WhiteElo "1299"]
[BlackElo "1846"]
[PlyCount "104"]
[EventDate "2015.12.??"]
[EventRounds "5"]
[WhiteTeam "L'Echiquier Angevin"]
[BlackTeam "Echecs-Passion Yffiniac"]

1. e4 Nc6 2. Nf3 d6 3. d4 Bg4 4. c3 f5 5. Bd3 fxe4 6. Bxe4 Nf6 7. Nbd2 Qd7 8.
Qe2 O-O-O 9. d5 Nb8 10. Qd3 Nxe4 11. Nxe4 e6 12. Be3 exd5 13. Qxd5 Be6 14. Qd4
Nc6 15. Qd3 Bf5 16. Qd5 Ne7 17. Qd4 c5 18. Qc4 b5 19. Nxd6+ Qxd6 20. Qxb5 Nd5
21. Rd1 Qb6 22. Qc4 Nxe3 23. Rxd8+ Kxd8 24. fxe3 Qe6 25. Qf4 Bd6 26. Qg5+ Qf6
27. Qh5 g6 28. Qh6 Bd3 29. Kf2 Bf8 30. Qg5 Qxg5 31. Nxg5 Ke7 32. Kf3 Bh6 33.
Kg4 Kf6 34. h4 Bf5+ 35. Kf4 Re8 36. b4 cxb4 37. cxb4 Re4+ 38. Kf3 Rxb4 39.
Nxh7+ Ke5 40. a3 Be4+ 41. Kg3 Rb3 42. Ng5 Bxg5 43. hxg5 Rxe3+ 44. Kf2 Rxa3 45.
Rh6 Ra2+ 46. Ke1 Rxg2 47. Rh7 Ra2 48. Rd7 Kf4 49. Rd4 Ke3 50. Rd1 Rh2 51. Rd3+
Bxd3 52. Kd1 Rh1# 0-1

[Event "4ème Open des Basses Vallées Angevines"]
[Site "Cantenay-Epinard"]
[Date "2015.12.19"]
[Round "4.17"]
[White "Patarin, Arnaud"]
[Black "Bremaud, Louis"]
[Result "1-0"]
[WhiteElo "1823"]
[BlackElo "1299"]
[PlyCount "89"]
[EventDate "2015.12.??"]
[EventRounds "5"]
[WhiteTeam "Club d'Echecs d'Avoine"]
[BlackTeam "L'Echiquier Angevin"]

1. c4 e5 2. Nc3 Bb4 3. g3 Nf6 4. Bg2 d6 5. e3 Nbd7 6. Nge2 Nb6 7. b3 c6 8. O-O
d5 9. cxd5 cxd5 10. d4 e4 11. a3 Bxc3 12. Nxc3 O-O 13. a4 Be6 14. Ba3 Re8 15.
Rc1 a6 16. Qd2 Qd7 17. a5 Nc8 18. Na4 Qb5 19. Nc5 Nd7 20. Nxe6 Rxe6 21. b4 Nf6
22. Bh3 Re8 23. Rc5 Qa4 24. Ra1 Rd8 25. b5 axb5 26. Bb2 b6 27. Rxa4 bxc5 28.
Ra1 c4 29. Bxc8 Rdxc8 30. Bc3 Nd7 31. Qb2 Rcb8 32. Qb4 Ra6 33. Qe7 Nf6 34. Qc7
Rba8 35. Qb7 Ne8 36. Bb4 g6 37. Qxb5 Nc7 38. Qa4 Ne6 39. Bc3 Ng5 40. Rb1 h5 41.
h4 Nf3+ 42. Kg2 g5 43. hxg5 Nxg5 44. Rb7 Nf3 45. Qd7 1-0

[Event "4ème Open des Basses Vallées Angevines"]
[Site "Cantenay-Epinard"]
[Date "2015.12.19"]
[Round "4.18"]
[White "Lebreton, Bertrand"]
[Black "Caillot, Arnaud"]
[Result "0-1"]
[WhiteElo "1180"]
[BlackElo "1649"]
[PlyCount "92"]
[EventDate "2015.12.??"]
[EventRounds "5"]
[WhiteTeam "L'Echiquier Angevin"]
[BlackTeam "Olympic Club Montalbanais"]

1. e4 e6 2. Nf3 d5 3. e5 c5 4. d4 Nc6 5. c3 Bd7 6. Bb5 Qb6 7. Bxc6 Bxc6 8. O-O
Ne7 9. Nh4 Bb5 10. Re1 Nc6 11. a4 Ba6 12. Nd2 cxd4 13. cxd4 Qxd4 14. Ndf3 Qxd1
15. Rxd1 Be7 16. a5 Bxh4 17. Nxh4 Nxe5 18. f4 Nd3 19. f5 Kd7 20. Ra3 Nxc1 21.
Rxc1 Rac8 22. fxe6+ fxe6 23. Re1 Rc2 24. b4 Re2 25. Rf1 Re4 26. Rf7+ Ke8 27.
Rc7 Rf8 28. Nf3 g5 29. Rc8+ Ke7 30. Rxf8 Kxf8 31. Nxg5 Re1+ 32. Kf2 Re2+ 33.
Kg3 h6 34. Nf3 Ke7 35. Rb3 Bc4 36. Rb1 e5 37. Re1 Rxe1 38. Nxe1 d4 39. Kf3 Ke6
40. Ke4 Be2 41. h4 h5 42. Nf3 Bxf3+ 43. gxf3 a6 44. Kd3 Kf5 45. Kd2 Kf4 46. Ke2
Kg3 0-1

[Event "4ème Open des Basses Vallées Angevines"]
[Site "Cantenay-Epinard"]
[Date "2015.12.19"]
[Round "4.19"]
[White "Voisine, Mathieu"]
[Black "Delafenetre, Franck"]
[Result "0-1"]
[WhiteElo "1148"]
[BlackElo "1576"]
[PlyCount "56"]
[EventDate "2015.12.??"]
[EventRounds "5"]
[WhiteTeam "La Cavale du Fou"]
[BlackTeam "Echiquier Bleu Roi"]

1. e4 c6 2. Nc3 d5 3. f3 d4 4. Nce2 e5 5. d3 c5 6. f4 Nc6 7. Nf3 Bd6 8. b3 Nf6
9. Bb2 O-O 10. fxe5 Bxe5 11. Nxe5 Nxe5 12. c3 dxc3 13. Nxc3 Bg4 14. Qc2 Qa5 15.
h3 Bh5 16. a3 Rac8 17. Be2 Bxe2 18. Kxe2 Rfd8 19. Rhd1 Ng6 20. g3 Qc7 21. Rg1
Nh5 22. Nd5 Qd7 23. Raf1 Qxh3 24. Rh1 Nxg3+ 25. Kd1 Nxh1 26. Qe2 Ng3 27. Rxf7
Nxe2 28. Bxg7 Kxf7 0-1

[Event "4ème Open des Basses Vallées Angevines"]
[Site "Cantenay-Epinard"]
[Date "2015.12.19"]
[Round "4.20"]
[White "Giua, Marie"]
[Black "Dimpre, Alexis"]
[Result "1-0"]
[WhiteElo "1380"]
[BlackElo "1280"]
[PlyCount "71"]
[EventDate "2015.12.??"]
[EventRounds "5"]
[WhiteTeam "Club d'Echecs d'Avoine"]
[BlackTeam "L'Echiquier Angevin"]

1. e4 d5 2. exd5 Qxd5 3. Nc3 Qa5 4. d4 Bf5 5. Bc4 Nd7 6. Nf3 c6 7. Bf4 e6 8. a3
b5 9. b4 Qb6 10. Bd3 Bxd3 11. Qxd3 a5 12. bxa5 Qxa5 13. O-O Ngf6 14. Rfe1 Be7
15. Ne5 O-O 16. Nxc6 Qb6 17. Nxe7+ Kh8 18. Qxb5 Rab8 19. Bxb8 Qxb5 20. Nxb5
Rxb8 21. Nd6 Rf8 22. Rab1 h5 23. Nc6 g5 24. Ne5 Kg7 25. Nxd7 Nxd7 26. c4 Ra8
27. Rb7 Rd8 28. c5 Kg6 29. c6 Nf6 30. c7 Rxd6 31. c8=Q Rxd4 32. Qc2+ Kg7 33.
Qc5 Rd5 34. Qe7 Rf5 35. Qxf7+ Kh8 36. Qg7# 1-0

[Event "4ème Open des Basses Vallées Angevines"]
[Site "Cantenay-Epinard"]
[Date "2015.12.19"]
[Round "4.21"]
[White "Planchenault, Paul-Etienne"]
[Black "Gascoin, Dominique"]
[Result "0-1"]
[WhiteElo "1120"]
[BlackElo "1370"]
[PlyCount "65"]
[EventDate "2015.12.??"]
[EventRounds "5"]
[WhiteTeam "La Cavale du Fou"]
[BlackTeam "L'Echiquier Angevin"]

1. e4 c5 2. Nf3 d6 3. Nc3 Nc6 4. Bc4 g6 5. O-O Nf6 6. Ng5 e6 7. Nf3 Bg7 8. e5
dxe5 9. d3 O-O 10. Bg5 Qc7 11. Ne4 Nxe4 12. dxe4 f6 13. Be3 b6 14. Qd2 Rd8 15.
Qc1 Rd6 16. Rd1 Bb7 17. Rd2 Kh8 18. c3 Rad8 19. b4 cxb4 20. cxb4 Nxb4 21. Qb1
Qxc4 22. Rxd6 Rxd6 23. a3 Nd3 24. Ne1 Nxe1 25. Qxe1 Qxe4 26. f3 Qd3 27. Rd1
Qxd1 28. Qxd1 Rxd1+ 29. Kf2 Bf8 30. a4 Ra1 31. g4 Bc5 32. h4 Rxa4 33. g5 0-1

[Event "4ème Open des Basses Vallées Angevines"]
[Site "Cantenay-Epinard"]
[Date "2015.12.19"]
[Round "4.22"]
[White "Lepretre, Ludovic"]
[Black "Sureau, Corentin"]
[Result "1-0"]
[WhiteElo "1115"]
[BlackElo "1340"]
[PlyCount "105"]
[EventDate "2015.12.??"]
[EventRounds "5"]
[WhiteTeam "La Cavale du Fou"]
[BlackTeam "La Cavale du Fou"]

1. d4 c5 2. Nf3 Nc6 3. dxc5 d5 4. cxd6 e5 5. d7+ Qxd7 6. Qxd7+ Bxd7 7. e4 Nf6
8. Nc3 Bc5 9. Be3 Bxe3 10. fxe3 Ng4 11. Nd5 O-O 12. Be2 Rac8 13. O-O Be6 14. c3
h6 15. h3 Nf6 16. Nxf6+ gxf6 17. Nh4 Kg7 18. Nf5+ Kh7 19. Nh4 Rg8 20. Bg4 Bxg4
21. Rxf6 Bxh3 22. Rxf7+ Kh8 23. Rf6 Kh7 24. Rf7+ Kh8 25. Rf6 Rg4 26. Rxh6+ Kg8
27. Kh2 Rxe4 28. gxh3 Ne7 29. Rg1+ Kf7 30. Rf1+ Ke8 31. Rh8+ Kd7 32. Rd1+ Kc7
33. Rxc8+ Kxc8 34. Ng2 Nf5 35. Rf1 Nd6 36. Rf8+ Kc7 37. Kg3 Kc6 38. Rf6 Kc5 39.
b4+ Kd5 40. h4 Nb5 41. h5 Nxc3 42. Kf3 Rxb4 43. h6 e4+ 44. Kf4 Ne2+ 45. Kg4 Ke5
46. Rf5+ Ke6 47. h7 b5 48. h8=Q Kd7 49. Rf7+ Kc6 50. Qc8+ Kb6 51. Rb7+ Ka5 52.
Rxa7+ Kb6 53. Qc7# 1-0

[Event "4ème Open des Basses Vallées Angevines"]
[Site "Cantenay-Epinard"]
[Date "2015.12.19"]
[Round "4.23"]
[White "Pionnier, Axel"]
[Black "Legendre, Aurelien"]
[Result "1/2-1/2"]
[WhiteElo "1329"]
[BlackElo "1241"]
[PlyCount "92"]
[EventDate "2015.12.??"]
[EventRounds "5"]
[WhiteTeam "Club d'Echecs d'Avoine"]
[BlackTeam "Le Club d'Echecs des Basses Vallées Angevines"]

1. e4 c5 2. Nf3 Nc6 3. d4 cxd4 4. Nxd4 g6 5. Nc3 e6 6. Be3 Bg7 7. Nf3 Nge7 8.
Bc4 a6 9. O-O O-O 10. Qd2 b5 11. Bb3 b4 12. Ne2 d5 13. exd5 exd5 14. Rab1 a5
15. Ba4 Bg4 16. Nfd4 Bxe2 17. Nxc6 Nxc6 18. Bxc6 Rc8 19. Qxe2 Rxc6 20. Qd3 Qc7
21. Rfc1 Rd8 22. b3 Rc3 23. Qe2 d4 24. Bg5 Rc8 25. Qd2 Rc5 26. h3 Be5 27. Kh1
Qc6 28. Qd3 a4 29. bxa4 Qxa4 30. Qe4 Bg7 31. Qb7 Rxc2 32. Rxc2 Qxc2 33. Rc1
Qxc1+ 34. Bxc1 Rxc1+ 35. Kh2 Be5+ 36. g3 Rc2 37. Qa8+ Kg7 38. Kg2 d3 39. Qe4
Bf6 40. Qxd3 Rxa2 41. Qb3 Rb2 42. Qc4 Rb1 43. Qc2 Rb2 44. Qc4 b3 45. Qd3 Be7
46. Qc3+ Bf6 1/2-1/2

[Event "4ème Open des Basses Vallées Angevines"]
[Site "Cantenay-Epinard"]
[Date "2015.12.19"]
[Round "4.24"]
[White "Legeay, Julie"]
[Black "Bobard, Antonin"]
[Result "0-1"]
[WhiteElo "1096"]
[BlackElo "1326"]
[PlyCount "72"]
[EventDate "2015.12.??"]
[EventRounds "5"]
[WhiteTeam "Club d'Echecs de la Bruffière"]
[BlackTeam "La Cavale du Fou"]

1. Nf3 Nf6 2. g3 g6 3. Bg2 Bg7 4. O-O d5 5. d3 Bg4 6. c4 dxc4 7. dxc4 Qxd1 8.
Rxd1 e6 9. Nc3 O-O 10. Rb1 Bf5 11. Ra1 Nbd7 12. a3 Nc5 13. Nd4 Rad8 14. Be3
Nce4 15. Nxf5 gxf5 16. Bxa7 Nxc3 17. bxc3 Ne4 18. Bxe4 fxe4 19. Bd4 e5 20. Bc5
Rfe8 21. Kf1 Bh6 22. e3 f5 23. Rab1 Rxd1+ 24. Rxd1 Bf8 25. Bb4 c5 26. Ba5 Ra8
27. Bc7 Rxa3 28. Bxe5 Ra4 29. Rd7 Rxc4 30. Rxb7 Ra4 31. Rc7 Ra1+ 32. Kg2 Ra2
33. Rd7 Bh6 34. Rd5 Bxe3 35. Bf6 Rxf2+ 36. Kg1 Rd2+ 0-1

[Event "4ème Open des Basses Vallées Angevines"]
[Site "Cantenay-Epinard"]
[Date "2015.12.19"]
[Round "4.25"]
[White "Garcion, Ilan"]
[Black "Giua, Louka"]
[Result "0-1"]
[WhiteElo "1310"]
[BlackElo "1169"]
[PlyCount "54"]
[EventDate "2015.12.??"]
[EventRounds "5"]
[WhiteTeam "L'Echiquier Angevin"]
[BlackTeam "Club d'Echecs d'Avoine"]

1. d4 d5 2. c4 e6 3. Nc3 Nf6 4. Nf3 c6 5. Bg5 Nbd7 6. e4 dxe4 7. Nxe4 Be7 8.
Bxf6 Nxf6 9. Nxf6+ Bxf6 10. Bd3 Bxd4 11. Rb1 O-O 12. O-O Bf6 13. Qc2 h6 14.
Rbd1 Qe7 15. Rfe1 Rd8 16. Re2 c5 17. Red2 Kh8 18. Bh7 Rxd2 19. Rxd2 g6 20. Bxg6
fxg6 21. Qxg6 Qg7 22. Qe8+ Qg8 23. Qh5 Kh7 24. Re2 Qg6 25. Qxc5 e5 26. Nxe5
Qb1+ 27. Re1 Qxe1# 0-1

[Event "4ème Open des Basses Vallées Angevines"]
[Site "Cantenay-Epinard"]
[Date "2015.12.19"]
[Round "4.26"]
[White "Salmon, Vivien"]
[Black "Sonzogni, Michel"]
[Result "0-1"]
[WhiteElo "1060"]
[BlackElo "1306"]
[PlyCount "54"]
[EventDate "2015.12.??"]
[EventRounds "5"]
[WhiteTeam "La Cavale du Fou"]
[BlackTeam "L'Echiquier Angevin"]

1. e4 e5 2. Nf3 Nc6 3. Nc3 Nf6 4. Bc4 Be7 5. d4 exd4 6. Nxd4 Ne5 7. Bb3 b6 8.
Bf4 Ng6 9. Bg3 Bb7 10. f3 Bc5 11. Nf5 O-O 12. Nb5 d6 13. e5 Re8 14. Qd3 Nxe5
15. Qd2 Nxf3+ 16. Kd1 Nxd2 17. Kxd2 Ne4+ 18. Kd1 a6 19. Na3 Qf6 20. Nxd6 Nxd6
21. c3 Bxg2 22. Rg1 Bxg1 23. Kd2 Be3+ 24. Kc2 Be4+ 25. Kd1 Qf1+ 26. Be1 Qd3+
27. Bd2 Qxd2# 0-1

[Event "4ème Open des Basses Vallées Angevines"]
[Site "Cantenay-Epinard"]
[Date "2015.12.19"]
[Round "4.27"]
[White "Lucazeau, Alain"]
[Black "Chauveau, Theo"]
[Result "1/2-1/2"]
[WhiteElo "1508"]
[BlackElo "1099"]
[PlyCount "101"]
[EventDate "2015.12.??"]
[EventRounds "5"]
[WhiteTeam "La Tour Mayennaise"]
[BlackTeam "La Cavale du Fou"]

1. e4 e5 2. f4 Nc6 3. Nf3 d6 4. f5 Nf6 5. d3 d5 6. Bg5 h6 7. Bxf6 gxf6 8. Nc3
dxe4 9. dxe4 Qxd1+ 10. Rxd1 Bb4 11. Bb5 Bd7 12. O-O O-O-O 13. Nd5 Bc5+ 14. Kh1
Nb4 15. Bxd7+ Rxd7 16. Nxb4 Rxd1 17. Rxd1 Bxb4 18. c3 Bd6 19. a3 Rd8 20. g4 c5
21. Rd5 b5 22. Nd2 Kc7 23. Kg2 a5 24. Kf3 a4 25. b4 axb3 26. Nxb3 c4 27. Na5
Kb6 28. Nxc4+ bxc4 29. a4 Kc6 30. h4 Ra8 31. a5 Bc5 32. g5 fxg5 33. hxg5 hxg5
34. Rxe5 Rxa5 35. Kg4 f6 36. Re6+ Kb5 37. Rxf6 Ra3 38. Kxg5 Rxc3 39. Kg6 Bd4
40. Rd6 Kc5 41. Rd5+ Kb4 42. Rxd4 Rd3 43. Rxd3 cxd3 44. f6 d2 45. f7 d1=Q 46.
f8=Q+ Kc4 47. Qc8+ Kb3 48. Qb7+ Kc2 49. Qc6+ Kb1 50. Qb5+ Ka1 51. Qa5+ 1/2-1/2

[Event "4ème Open des Basses Vallées Angevines"]
[Site "Cantenay-Epinard"]
[Date "2015.12.19"]
[Round "4.28"]
[White "Pantenier, Bernard"]
[Black "Bouleau, Henry"]
[Result "1-0"]
[WhiteElo "1245"]
[BlackElo "1330"]
[PlyCount "63"]
[EventDate "2015.12.??"]
[EventRounds "5"]
[WhiteTeam "La Cavale du Fou"]
[BlackTeam "Le Club d'Echecs des Basses Vallées Angevines"]

1. e4 e6 2. Nc3 d5 3. exd5 exd5 4. d4 Nf6 5. Nf3 Nbd7 6. Bd3 c5 7. O-O Be7 8.
dxc5 Nxc5 9. Bb5+ Bd7 10. Bxd7+ Ncxd7 11. Nxd5 O-O 12. Nxe7+ Qxe7 13. Re1 Qd8
14. Bg5 h6 15. Bh4 Rc8 16. c3 Re8 17. Qc2 Rxe1+ 18. Rxe1 Qb6 19. Qf5 Qd6 20.
Bxf6 gxf6 21. Nd4 Rd8 22. Qg4+ Kh8 23. Nf5 Qf8 24. Nd4 Ne5 25. Qe4 Rd7 26. Qh4
Qg7 27. Qh3 Re7 28. Kf1 Re8 29. f4 Kh7 30. fxe5 fxe5 31. Qf5+ Kh8 32. Nf3 1-0

[Event "4ème Open des Basses Vallées Angevines"]
[Site "Cantenay-Epinard"]
[Date "2015.12.19"]
[Round "5.2"]
[White "Salles, Louis"]
[Black "Batteux, Mickael"]
[Result "1/2-1/2"]
[WhiteElo "2166"]
[BlackElo "2104"]
[PlyCount "141"]
[EventDate "2015.12.??"]
[EventRounds "5"]
[WhiteTeam "Echiquier Tourangeau"]
[BlackTeam "Fillé sur Sarthe"]

1. e4 Nf6 2. Nc3 d5 3. e5 d4 4. Nce2 Ng4 5. f4 h5 6. Nf3 c5 7. Ng3 Nc6 8. a3 a6
9. Bd3 g6 10. h3 Nh6 11. O-O e6 12. Be4 Bd7 13. d3 Be7 14. Bd2 Nf5 15. Qe1 h4
16. Ne2 Qc7 17. c3 dxc3 18. bxc3 Rd8 19. d4 cxd4 20. cxd4 Bc8 21. Rc1 Bd7 22.
Rc3 Qb8 23. Qf2 Qa7 24. Rb1 Kf8 25. Bxf5 gxf5 26. d5 Qxf2+ 27. Kxf2 exd5 28.
Rxb7 Na5 29. Rb1 Nc4 30. Bc1 Kg7 31. Ned4 Rb8 32. Rcb3 Rxb3 33. Rxb3 Bc5 34.
Ke2 Bxd4 35. Nxd4 Be6 36. Rb7 Re8 37. Nf3 Rc8 38. Nxh4 Na5 39. Rb1 Rc2+ 40. Kd3
Rc4 41. Bd2 Nc6 42. Nf3 Ra4 43. Bc1 a5 44. Bb2 Rxf4 45. Rc1 Ne7 46. Rc5 Ra4 47.
Nd4 Ng6 48. Kc2 Nf4 49. Kb3 Rc4 50. Nxe6+ fxe6 51. Rxc4 dxc4+ 52. Kxc4 Nxg2 53.
Kb5 Ne3 54. Bd4 Nc2 55. Bc5 f4 56. Kxa5 f3 57. a4 Ne1 58. Kb6 Nd3 59. Bd4 Kg6
60. a5 Nxe5 61. a6 Nc4+ 62. Kc7 Na3 63. Kc6 Nc2 64. Bc5 Nb4+ 65. Kb5 Nxa6 66.
Kxa6 Kh5 67. Kb5 Kh4 68. Kc6 Kxh3 69. Kd6 Kg2 70. Kxe6 f2 71. Bxf2 1/2-1/2

[Event "4ème Open des Basses Vallées Angevines"]
[Site "Cantenay-Epinard"]
[Date "2015.12.19"]
[Round "5.3"]
[White "Gentilhomme, Loic"]
[Black "Le Pen, Steven"]
[Result "0-1"]
[WhiteElo "1588"]
[BlackElo "1967"]
[PlyCount "58"]
[EventDate "2015.12.??"]
[EventRounds "5"]
[WhiteTeam "Fillé sur Sarthe"]
[BlackTeam "Club d'Echecs de la Bruffière"]

1. d4 Nf6 2. Nf3 g6 3. Nc3 d5 4. Bf4 Bg7 5. e3 O-O 6. Be2 c5 7. Ne5 cxd4 8.
exd4 Qb6 9. Na4 Qa5+ 10. c3 Nbd7 11. b4 Qd8 12. Qb3 e6 13. O-O Qe7 14. Nb2 Ne4
15. f3 Nd6 16. Nbd3 Nb6 17. Nc5 f6 18. Ng4 e5 19. dxe5 fxe5 20. Bg3 Nbc4 21.
Bxc4 Nxc4 22. Rfe1 Bxg4 23. fxg4 b6 24. Nd3 Qg5 25. h3 e4 26. Rxe4 Nd2 27. Qc2
Nxe4 28. Bh2 Qe3+ 29. Kh1 Qxd3 0-1

[Event "4ème Open des Basses Vallées Angevines"]
[Site "Cantenay-Epinard"]
[Date "2015.12.19"]
[Round "5.4"]
[White "Kollar, Romain"]
[Black "Garcion, Emmanuel"]
[Result "1-0"]
[WhiteElo "1936"]
[BlackElo "1550"]
[PlyCount "57"]
[EventDate "2015.12.??"]
[EventRounds "5"]
[WhiteTeam "Club d'Echecs de la Bruffière"]
[BlackTeam "L'Echiquier Angevin"]

1. e4 d5 2. exd5 Qxd5 3. Nf3 Nf6 4. d4 c6 5. c4 Qd8 6. Be2 Bf5 7. Nc3 e6 8. a3
Be7 9. O-O Nbd7 10. Bf4 Nh5 11. Be3 h6 12. d5 cxd5 13. cxd5 Nb6 14. Bb5+ Kf8
15. Nd4 Nxd5 16. Qxh5 Nxc3 17. bxc3 g6 18. Qf3 Qd5 19. Qxd5 exd5 20. Nxf5 gxf5
21. Bd3 Rc8 22. Bxf5 Rxc3 23. Bd4 Rc4 24. Bxh8 f6 25. Rfe1 Kf7 26. Be6+ Kf8 27.
Bxd5 Rh4 28. Rac1 Bd8 29. Rc8 1-0

[Event "4ème Open des Basses Vallées Angevines"]
[Site "Cantenay-Epinard"]
[Date "2015.12.19"]
[Round "5.5"]
[White "Prot, Ludovic"]
[Black "Kollar, Guillaume"]
[Result "1-0"]
[WhiteElo "1750"]
[BlackElo "1333"]
[PlyCount "37"]
[EventDate "2015.12.??"]
[EventRounds "5"]
[WhiteTeam "Aytré - La Rochelle Echecs"]
[BlackTeam "Club d'Echecs de la Bruffière"]

1. e4 c5 2. c3 g6 3. d4 Bg7 4. Nf3 Nf6 5. e5 Nd5 6. Bc4 Nb6 7. Bb3 c4 8. Bc2 e6
9. Bg5 Qc7 10. Qd2 O-O 11. Bf6 Nd5 12. Bxg7 Kxg7 13. h4 d6 14. h5 dxe5 15. hxg6
Nf4 16. Rxh7+ Kf6 17. dxe5+ Ke7 18. Qxf4 Ke8 19. g7 1-0

[Event "4ème Open des Basses Vallées Angevines"]
[Site "Cantenay-Epinard"]
[Date "2015.12.19"]
[Round "5.6"]
[White "Joyeux, Gerard"]
[Black "Gautier, Michel"]
[Result "1-0"]
[WhiteElo "1621"]
[BlackElo "1574"]
[PlyCount "85"]
[EventDate "2015.12.??"]
[EventRounds "5"]
[WhiteTeam "Haute Bretagne Echecs"]
[BlackTeam "La Cavale du Fou"]

1. d4 Nf6 2. Nc3 d5 3. e4 dxe4 4. f3 exf3 5. Nxf3 Bg4 6. Bc4 e6 7. O-O Nbd7 8.
Qe1 Be7 9. Bd3 c5 10. dxc5 Bxc5+ 11. Be3 Bxe3+ 12. Qxe3 Qb6 13. Qxb6 Nxb6 14.
Bb5+ Ke7 15. h3 Bh5 16. Rf2 a6 17. Bd3 Bg6 18. Bxg6 hxg6 19. Raf1 Nc4 20. Nh2
Ne3 21. Re1 Ned5 22. Ne4 Nxe4 23. Rxe4 Rad8 24. c4 Nf6 25. Ref4 g5 26. R4f3
Rd1+ 27. Nf1 Rd4 28. b3 g4 29. hxg4 Rxg4 30. c5 Rgh4 31. Rc2 Rc8 32. Ng3 Ne4
33. Rc4 Nd2 34. Rxh4 Nxf3+ 35. gxf3 Rxc5 36. Rc4 Rxc4 37. bxc4 f5 38. Kf2 Kd6
39. Ke2 Kc5 40. Kd3 g5 41. a3 b5 42. cxb5 Kxb5 43. Kc3 {time out} 1-0

[Event "4ème Open des Basses Vallées Angevines"]
[Site "Cantenay-Epinard"]
[Date "2015.12.19"]
[Round "5.7"]
[White "Adam, Flavia"]
[Black "Delafenetre, Alexandre"]
[Result "0-1"]
[WhiteElo "1541"]
[BlackElo "1604"]
[PlyCount "78"]
[EventDate "2015.12.??"]
[EventRounds "5"]
[WhiteTeam "Club d'Echecs d'Avoine"]
[BlackTeam "Echiquier Bleu Roi"]

1. d4 d5 2. c4 c6 3. Nc3 e6 4. Nf3 dxc4 5. a4 Bb4 6. Bd2 b5 7. axb5 Bxc3 8.
bxc3 cxb5 9. g3 Bb7 10. Bg2 Nf6 11. Bg5 Nbd7 12. O-O O-O 13. Re1 Qb6 14. Qc2
Ne4 15. Be3 Qc7 16. Bf4 Qc8 17. Rad1 a5 18. Rb1 Bc6 19. h4 Nef6 20. Bh3 Be4 21.
Qd2 Bxb1 22. Rxb1 Qc6 23. Bg2 Qa6 24. Ng5 Rad8 25. e4 h6 26. Nh3 Rfe8 27. Bf3
Nf8 28. h5 e5 29. Be3 exd4 30. cxd4 Nxe4 31. Qc2 Nf6 32. Kh1 Nd5 33. Bc1 Nb4
34. Qf5 Re1+ 35. Kg2 Nd3 36. Bg5 Rxb1 37. Bxd8 Ne1+ 38. Kh2 Nxf3+ 39. Qxf3 a4
0-1

[Event "4ème Open des Basses Vallées Angevines"]
[Site "Cantenay-Epinard"]
[Date "2015.12.19"]
[Round "5.8"]
[White "Andre, Victoria"]
[Black "Potiron, Nicolas"]
[Result "1-0"]
[WhiteElo "1380"]
[BlackElo "1577"]
[PlyCount "88"]
[EventDate "2015.12.??"]
[EventRounds "5"]
[WhiteTeam "Chevau-légers de la Choisille"]
[BlackTeam "Club d'Echecs de la Bruffière"]

1. e4 e6 2. d4 c6 3. Nc3 Bb4 4. a3 Ba5 5. Nf3 Ne7 6. Be2 b5 7. b4 Bb6 8. O-O
O-O 9. Bb2 Ng6 10. d5 e5 11. d6 Re8 12. Re1 Re6 13. a4 Qf6 14. axb5 Rxd6 15.
Bd3 Nf4 16. bxc6 Qg6 17. g3 Nh3+ 18. Kg2 Nxf2 19. Qe2 Nxc6 20. Nd5 Qh6 21. Nxb6
Nxd3 22. Nxa8 Nxe1+ 23. Qxe1 Bb7 24. Nc7 Nd4 25. Nxd4 exd4 26. Nd5 Re6 27. Rxa7
Re8 28. Rxb7 Qc6 29. Rc7 Qb5 30. Qf1 Qa4 31. Rc8 Rxc8 32. Ne7+ Kf8 33. Nxc8
Qxc2+ 34. Qf2 Qxe4+ 35. Kg1 Qb1+ 36. Kg2 Qe4+ 37. Kh3 Qe6+ 38. g4 h5 39. Qxd4
hxg4+ 40. Qxg4 Qb3+ 41. Qg3 Qxb2 42. Qd6+ Kg8 43. Ne7+ Kh8 44. Qb8+ Kh7 1-0

[Event "4ème Open des Basses Vallées Angevines"]
[Site "Cantenay-Epinard"]
[Date "2015.12.19"]
[Round "5.9"]
[White "Tricarico, Pasquale"]
[Black "Chapelain, Florent"]
[Result "0-1"]
[WhiteElo "1399"]
[BlackElo "1846"]
[PlyCount "64"]
[EventDate "2015.12.??"]
[EventRounds "5"]
[WhiteTeam "L'Echiquier Angevin"]
[BlackTeam "Echecs-Passion Yffiniac"]

1. e3 b6 2. d4 e6 3. c4 Bb7 4. Nf3 f5 5. Nc3 d6 6. Be2 Nf6 7. O-O Nbd7 8. b3
Ne4 9. Bb2 Ndf6 10. Nd2 Nxd2 11. Qxd2 g5 12. d5 e5 13. f4 gxf4 14. exf4 Bh6 15.
Qd3 e4 16. Qh3 Bg7 17. Qxf5 Qe7 18. Bh5+ Kd8 19. Rae1 Bc8 20. Qg5 Rg8 21. Qh4
Nxh5 22. Qxh5 Bd4+ 23. Kh1 Bg4 24. Qh6 Rg6 25. Qxg6 hxg6 26. Rxe4 Qf6 27. Rfe1
Kd7 28. h3 Bf5 29. Rxd4 Qxd4 30. g4 Bxg4 31. hxg4 Rh8+ 32. Kg2 Qxf4 0-1

[Event "4ème Open des Basses Vallées Angevines"]
[Site "Cantenay-Epinard"]
[Date "2015.12.19"]
[Round "5.10"]
[White "Leguillon, Jean-Paul"]
[Black "Patarin, Arnaud"]
[Result "0-1"]
[WhiteElo "1446"]
[BlackElo "1823"]
[PlyCount "62"]
[EventDate "2015.12.??"]
[EventRounds "5"]
[WhiteTeam "Le Club d'Echecs des Basses Vallées Angevines"]
[BlackTeam "Club d'Echecs d'Avoine"]

1. Nf3 c5 2. e4 d6 3. d4 cxd4 4. Nxd4 Nf6 5. Nc3 Nc6 6. Bg5 Qb6 7. Nb3 e6 8.
Qd2 h6 9. Bh4 a6 10. O-O-O Ne5 11. h3 Ng6 12. Bg3 e5 13. Bc4 Be6 14. Nd5 Nxd5
15. Bxd5 Be7 16. Kb1 O-O 17. Rhf1 a5 18. f4 a4 19. Nc1 exf4 20. Bxf4 Nxf4 21.
Rxf4 Bg5 22. Qf2 Qc7 23. Rf3 Qe7 24. Qd4 Bf6 25. Qb6 Bxd5 26. Rxd5 Qxe4 27.
Rxd6 Ra6 28. Qc7 Qe5 29. Nd3 Qxd6 30. Qc4 Re8 31. Qb5 Re1+ 0-1